[Event "Santo Domingo op U2100 2nd"]
[Site "Santo Domingo"]
[Date "2015.06.28"]
[Round "7"]
[White "Fernandez, Aliem Alayo"]
[Black "De Leon, Julio Cesar"]
[Result "1-0"]
[WhiteElo "1866"]
[BlackElo "1608"]
[PlyCount "43"]
[EventDate "2015.06.19"]
[EventType "swiss"]
[EventRounds "8"]
[EventCountry "DOM"]
[SourceTitle "CBM 167 Extra"]
[Source "ChessBase"]
[SourceDate "2015.09.14"]
[SourceVersion "1"]
[SourceVersionDate "2015.09.14"]
[SourceQuality "1"]

1. d4 e6 2. Nc3 d5 3. e4 Ne7 4. f3 g6 5. Be3 Bg7 6. Qd2 0-0 7. 0-0-0 Nbc6 8. h4 dxe4 9. fxe4 Qd7 10. h5 e5 11. d5 Nd4 12. Bh6 Qg4 13. Bxg7 Kxg7 14. Kb1 g5 15. Nce2 c5 16. Nxd4 cxd4 17. Be2 Qf4 18. Qb4 Re8 19. Rf1 Qg3 20. h6+ Kg8 21. Qd6 Ng6 22. Qf6 1-0

[Event "Santo Domingo op U2100 2nd"]
[Site "Santo Domingo"]
[Date "2015.06.27"]
[Round "6"]
[White "Soto Lora, Jose Santiago"]
[Black "Fernandez, Aliem Alayo"]
[Result "1-0"]
[WhiteElo "2030"]
[BlackElo "1866"]
[PlyCount "139"]
[EventDate "2015.06.19"]
[EventType "swiss"]
[EventRounds "8"]
[EventCountry "DOM"]
[SourceTitle "CBM 167 Extra"]
[Source "ChessBase"]
[SourceDate "2015.09.14"]
[SourceVersion "1"]
[SourceVersionDate "2015.09.14"]
[SourceQuality "1"]

1. d4 c5 2. d5 d6 3. c4 e5 4. Nc3 f5 5. e4 Nf6 6. f3 Be7 7. Bd3 f4 8. Bd2 Nh5 9. Qb3 Bh4+ 10. Kd1 0-0 11. Kc2 a6 12. Rf1 Rf7 13. Nge2 b5 14. cxb5 Rb7 15. a4 Nd7 16. Nb1 c4 17. Bxc4 Nc5 18. Qb4 axb5 19. axb5 Ra4 20. Qc3 Qe8 21. Na3 Bd8 22. Kd1 Ba5 23. Qc2 Bxd2 24. Qxd2 Bd7 25. Nc3 Bxb5 26. Bxb5 Rxb5 27. Naxb5 Ra6 28. Kc2 Qb8 29. Ra1 Rb6 30. Ra5 Qd8 31. Rha1 Qh4 32. h3 Ng3 33. Ra8+ Kf7 34. R1a7+ Kg6 35. Qf2 Kh6 36. Rc8 Qf6 37. Rcc7 Qd8 38. Rxg7 Qb8 39. Rxh7+ Kg6 40. Rag7+ Kf6 41. Rf7+ Kg6 42. Rhg7+ Kh6 43. Rh7+ Kg6 44. Rfg7+ Kf6 45. Rc7 Rxb5 46. Nxb5 Qxb5 47. Rxc5 dxc5 48. Ra7 Kg5 49. Kb1 Ne2 50. Ka1 Qc4 51. Qe1 Qc2 52. d6 Nd4 53. d7 Nc6 54. Ra6 Qd3 55. Rxc6 Qxd7 56. Rxc5 Qa4+ 57. Kb1 Qd4 58. Qc3 Qd1+ 59. Ka2 Qa4+ 60. Qa3 Qd4 61. Qa5 Kh4 62. Qe1+ Kh5 63. Rd5 Qc4+ 64. Kb1 Kg6 65. Qc3 Qf1+ 66. Ka2 Qa6+ 67. Ra5 Qe6+ 68. Qb3 Qe7 69. Qd5 Qb4 70. Ra6+ 1-0

[Event "Santo Domingo op U2100 2nd"]
[Site "Santo Domingo"]
[Date "2015.06.19"]
[Round "1"]
[White "Fernandez, Aliem Alayo"]
[Black "Ozuna Ozuna, Daniel A"]
[Result "1-0"]
[WhiteElo "1866"]
[BlackElo "1743"]
[PlyCount "38"]
[EventDate "2015.06.19"]
[EventType "swiss"]
[EventRounds "8"]
[EventCountry "DOM"]
[SourceTitle "CBM 167 Extra"]
[Source "ChessBase"]
[SourceDate "2015.09.14"]
[SourceVersion "1"]
[SourceVersionDate "2015.09.14"]
[SourceQuality "1"]

1. d4 d5 2. Nc3 Nf6 3. e4 Nxe4 4. Nxe4 dxe4 5. Be3 e6 6. f3 Bd6 7. g3 exf3 8. Qxf3 a6 9. 0-0-0 c6 10. Bd3 Nd7 11. Nh3 h6 12. Rdf1 Nf6 13. Nf2 e5 14. h3 Be6 15. c4 Bc7 16. Ng4 Bxg4 17. hxg4 exd4 18. Bd2 0-0 19. g5 Nh7 1-0